الاتقان في علوم القران (Record no. 553805)

000 -LEADER
fixed length control field 00407nam a22001337a 4500
082 ## - DEWEY DECIMAL CLASSIFICATION NUMBER
Classification number 297.1229
Author Mark SAU
-- M
110 ## - MAIN ENTRY--CORPORATE NAME
Corporate name or jurisdiction name as entry element Sauti, Allama Jalal Ud Din
9 (RLIN) 51062
245 ## - TITLE STATEMENT
Title الاتقان في علوم القران
260 ## - PUBLICATION, DISTRIBUTION, ETC.
Place of publication, distribution, etc. Lahore,
Name of publisher, distributor, etc. Mushtaq Book Corner,
Date of publication, distribution, etc. 2000.
300 ## - PHYSICAL DESCRIPTION
Extent 522p.512p.
Dimensions 26cm.
526 ## - STUDY PROGRAM INFORMATION NOTE
Program name 0
Interest level 0
Reading level 0
Title point value 297_122900000000000_SAU
526 ## - STUDY PROGRAM INFORMATION NOTE
Program name 0
Interest level 0
Reading level 0
Title point value 297_122900000000000_SAU
942 ## - ADDED ENTRY ELEMENTS (KOHA)
Source of classification or shelving scheme
Koha item type Book
Holdings
Withdrawn status Lost status Source of classification or shelving scheme Damaged status Not for loan Permanent Location Current Location Date acquired Total Checkouts Full call number Barcode Date last seen Price effective from Koha item type Public note
          Military College of Engineering (MCE) Military College of Engineering (MCE) 03/29/2017   297.1229 SAU MCE-29M 03/29/2017 03/29/2017 Book جلد اول
          Military College of Engineering (MCE) Military College of Engineering (MCE) 03/29/2017   297.1229 SAU MCE-30M 03/29/2017 03/29/2017 Book جلددوم
© 2023 Central Library, National University of Sciences and Technology. All Rights Reserved.